Visualizzazione normale
Vista MARC
- Di Berardino G., Hollerich J.C., O'Malley S.P., Pocher L
di Personal Name
Records bibliografici associati: 1
001 - CONTROL NUMBER
- control field: 62610
003 - CONTROL NUMBER IDENTIFIER
- control field:
005 - DATE AND TIME OF LATEST TRANSACTION
- control field: 20250917110923.0
008 - FIXED-LENGTH DATA ELEMENTS
- fixed length control field: 250917|| aca||aabn | a|a d
040 ## - CATALOGING SOURCE
- Original cataloging agency:
- Transcribing agency:
100 ## - HEADING--PERSONAL NAME
- Personal name: Di Berardino G., Hollerich J.C., O'Malley S.P., Pocher L
670 ## - SOURCE DATA FOUND
- Source citation: Work cat.: ()360623: Wells Jo B. (et al.) 62609, Donne e ministeri nella Chiesa sinodale., 2024